Management / Stephen Robbins and Mary Coulter
Salvato in:
| Autore principale: | |
|---|---|
| Altri autori: | |
| Natura: | Libro |
| Pubblicazione: |
New Jersey
Pearson Prentice Hall
c2003.
|
| Edizione: | 7th ed. |
| Soggetti: | |
| Tags: |
Aggiungi Tag
Nessun Tag, puoi essere il primo ad aggiungerne!!
|
MARC
| LEADER | 00000nam a2200000 4500 | ||
|---|---|---|---|
| 020 | |a 9043006599 |c TZS 4,000/= | ||
| 020 | |a 9789043006590 | ||
| 040 | |a MUL |b eng |e AACR | ||
| 082 | |a 658 ROB | ||
| 100 | |a Robbins, Stephen P | ||
| 245 | |a Management |b / Stephen Robbins and Mary Coulter | ||
| 250 | |a 7th ed. | ||
| 260 | |a New Jersey |b Pearson Prentice Hall |c c2003. | ||
| 300 | |a xvii, 598 p. : |b ill.; |c 29 cm | ||
| 504 | |a Includes index | ||
| 546 | |a eng. | ||
| 650 | |a Management | ||
| 650 | |a Industrial management | ||
| 650 | |a Organizational sociology | ||
| 700 | |a Coulter, Mary K | ||
| 942 | |c BK | ||
| 999 | |c 10149 |d 10149 | ||